| 000 | 01511nam a2200313 a 4500 | ||
|---|---|---|---|
| 001 | 60695 | ||
| 003 | BD-RjUL | ||
| 005 | 20211209080855.0 | ||
| 008 | 170102s1994 bg a s o000 0 eng d | ||
| 020 |
_a9845081282 _c: Complimentary |
||
| 020 |
_a9845081282 _c: Tk. 400.00 (Inland) |
||
| 035 | _a(BD-RjUL)60819 | ||
| 040 |
_aDLC _cDLC _dDLC _dBD-RjUL _beng |
||
| 041 | 0 | _aengben | |
| 082 |
_223 _a304.6095492021 _bGAI 1994 (ZS) |
||
| 110 |
_aBangladesh Bureau Of Statistics. _9179266 |
||
| 245 | 1 | 0 |
_aBangladesh population census, 1991 = বাংলাদেশ আদমশুমারী, ১৯৯১ : _bZila series, Zila: Gaibandha = জেলা সিরিজ, জেলা: গাইবান্ধা / _cBangladesh Bureau Of Statistics. |
| 246 |
_aবাংলাদেশ আদমশুমারী, ১৯৯১ : _bজেলা সিরিজ, জেলা: গাইবান্ধা |
||
| 260 |
_aDhaka : _bBangladesh Bureau of Statistics, _c1994. |
||
| 300 |
_axviii, 339 p. : _bill. ; _c28 cm. |
||
| 490 | _aZila series, Zila: Gaibandha | ||
| 490 | _aজেলা সিরিজ, জেলা: গাইবান্ধা | ||
| 500 | _aPrefatory matter in Bengali and English. | ||
| 651 | 0 |
_aBangladesh _zGaibandha _vCensus,1991 _9180819 |
|
| 651 | 0 |
_aBangladesh _zGaibandha _xPopulation _vStatistics _9180820 _y1991 |
|
| 830 |
_aZila series, Zila: Gaibandha _9182054 |
||
| 830 |
_aজেলা সিরিজ, জেলা: গাইবান্ধা _9190169 |
||
| 942 |
_2ddc _cRAR |
||
| 999 |
_c60695 _d60695 |
||